[Event "DEN Team Ch 9900"]
[Site "?"]
[Date "2000.??.??"]
[Round "5"]
[White "Kjeldsen Jens"]
[Black "Pedersen Erik"]
[Result "1/2-1/2"]
[WhiteElo "2435"]
[BlackElo "2400"]
[PlyCount "77"]
[EventDate "2000.??.??"]
[Source "www.chesslib.no"]
[SourceDate "2004.05.04"]

1. d4 b5 2. Bg5 Bb7 3. e3 Nf6 4. Nf3 a6 5. Bxf6 gxf6 6. a4 b4 7. Nbd2 e6 8. Bd3 c5 9. Qe2 Nc6 10. O-O cxd4 11. exd4 Ne7 12. Rfc1 Ng6 13. g3 Rg8 14. Kf1 Bh6 15. Rd1 Qe7 16. c4 f5 17. Re1 Bxd2 18. Nxd2 Nf4 19. Qe3 Ng2 20. Qe2 Nf4 21. Qe3 Ng2 22. Qe2 Nxe1 23. Rxe1 Qf6 24. Nf3 Rd8 25. d5 Kf8 26. Ne5 d6 27. Nc6 Bxc6 28. dxc6 Rc8 29. Qf3 Qxb2 30. c5 d5 31. Qf4 Rxc6 32. Bb5 axb5 33. axb5 Rxc5 34. Qd6+ Kg7 35. Qxc5 Qc3 36. Qe7 b3 37. Re3 Qf6 38. Qb4 b2 39. Rb3 1/2-1/2

[Event "Novgorod Open"]
[Site "Novgorod RUS"]
[Date "1995.??.??"]
[Round "8"]
[White "Volzhin, Alexander"]
[Black "Gorbatow, Alexej"]
[Result "1-0"]
[WhiteElo "2425"]
[BlackElo "2410"]
[PlyCount "79"]
[EventDate "1995.05.??"]
[Source "www.chesslib.no"]
[SourceDate "2004.05.04"]

1. d4 b5 2. e4 Bb7 3. Nd2 b4 4. Ngf3 e6 5. Bd3 Nf6 6. O-O d5 7. Qe2 Be7 8. c4 dxe4 9. Nxe4 Nbd7 10. Neg5 O-O 11. Ne5 Qe8 12. Re1 h6 13. Ngf3 Nxe5 14. Nxe5 Qd8 15. Be3 Re8 16. c5 Bd5 17. Bb5 Rf8 18. Nc6 Bxc6 19. Bxc6 Rb8 20. Qa6 Ng4 21. Qxa7 f5 22. Rad1 f4 23. Bc1 Bh4 24. Re2 e5 25. Bf3 Nxf2 26. Rxf2 Bxf2+ 27. Kxf2 exd4 28. Qa6 Qh4+ 29. Kg1 Rbe8 30. Bd2 Rd8 31. Bxb4 Rfe8 32. Qg6 Rb8 33. a3 Re5 34. Bd5+ Kh8 35. Be4 Kg8 36. g3 Qg5 37. Qh7+ Kf7 38. Rf1 Ke7 39. Bd2 Re6 40. Bxf4 1-0

[Event "Graz op-A"]
[Site "?"]
[Date "1999.??.??"]
[Round "6"]
[White "Lerner Konstantin Z"]
[Black "Boehm Martin"]
[Result "1-0"]
[WhiteElo "2585"]
[BlackElo "2250"]
[PlyCount "85"]
[EventDate "1999.??.??"]
[Source "www.chesslib.no"]
[SourceDate "2004.05.04"]

1. d4 b5 2. e4 a6 3. Nf3 Bb7 4. Bd3 e6 5. a4 c5 6. c3 cxd4 7. cxd4 Qa5+ 8. Nbd2 Nc6 9. O-O Nb4 10. Nb3 Qb6 11. d5 Nxd3 12. Qxd3 bxa4 13. Rxa4 Qb5 14. Qxb5 axb5 15. Rxa8+ Bxa8 16. Be3 exd5 17. Ra1 Bc6 18. Nfd4 f6 19. Nxc6 dxc6 20. Ra8+ Kf7 21. exd5 cxd5 22. Nd4 b4 23. Nc6 Bd6 24. b3 Ne7 25. Rxh8 Nxc6 26. Bb6 Ne5 27. Rxh7 Nc4 28. Bd4 Nd2 29. Rh3 Ke6 30. Re3+ Kd7 31. f3 Kc6 32. Kf2 Nb1 33. Ke2 Bxh2 34. Re7 Nc3+ 35. Kd3 Nb5 36. Rxg7 Nxd4 37. Kxd4 Be5+ 38. Ke3 Bc3 39. f4 Kd6 40. g4 Bb2 41. Rb7 Bc1+ 42. Kd4 Kc6 43. Rf7 1-0

[Event "21st Open"]
[Site "Reykjavik"]
[Date "2004.03.09"]
[Round "3"]
[White "Markus, Robert"]
[Black "Ardaman, Miles"]
[Result "1/2-1/2"]
[WhiteElo "2527"]
[BlackElo "2307"]
[PlyCount "64"]
[EventDate "2004.03.07"]
[Source "Roberto Alvarez"]
[SourceDate "2004.03.22"]

1. d4 b5 2. e4 Bb7 3. Bd3 a6 4. Nf3 d6 5. O-O Nd7 6. Qe2 e5 7. a4 c6 8. axb5 axb5 9. Rxa8 Bxa8 10. c4 exd4 11. Nxd4 b4 12. Bf4 Ne5 13. Nd2 Nf6 14. N2f3 Nfd7 15. Ra1 g6 16. Bg5 Qb8 17. Nxe5 dxe5 18. Nb3 h6 19. Be3 Be7 20. c5 Kf8 21. Qd2 Kg7 22. Ra4 Bg5 23. Bxg5 hxg5 24. Qxg5 Nf6 25. Ra1 Bb7 26. f3 Bc8 27. Bc4 Rd8 28. Qe3 Nh5 29. Qe1 Nf4 30. Rd1 Be6 31. Bxe6 Nxe6 32. g3 Rh8 1/2-1/2

[Event "Coimbatore"]
[Site "Coimbatore"]
[Date "1987.??.??"]
[Round "?"]
[White "Murugan, Krishnamoorthy"]
[Black "Ravi, Lanka"]
[Result "0-1"]
[WhiteElo "2325"]
[BlackElo "2505"]
[PlyCount "90"]
[EventDate "1987.12.??"]
[Source "www.chesslib.no"]
[SourceDate "2004.05.04"]

1. d4 b5 2. e4 a6 3. Nf3 Bb7 4. Bd3 e6 5. O-O c5 6. c3 Nc6 7. Nbd2 d6 8. Qe2 Qc7 9. a4 c4 10. Bc2 Nf6 11. Re1 Be7 12. Nf1 O-O 13. Ng3 Rfe8 14. Bg5 h6 15. Bd2 Bf8 16. h4 e5 17. d5 Nb8 18. h5 Nbd7 19. Nh2 Rab8 20. Nf5 Bc8 21. a5 Kh7 22. Ng4 Nxg4 23. Qxg4 Nf6 24. Qf3 Ng8 25. Be3 g6 26. Bb6 Qd7 27. Ne3 Bg7 28. Bd1 Nf6 29. g4 Qe7 30. hxg6+ fxg6 31. g5 hxg5 32. Qh1+ Bh6 33. Nc2 Kg7 34. Nb4 Bb7 35. Nc6 Bxc6 36. dxc6 g4 37. Qg2 Rbc8 38. c7 Qe6 39. Be2 Bf4 40. Rad1 Rh8 41. Bf1 Rh5 42. Re2 Rch8 43. f3 Rh3 44. Red2 Bxd2 45. Qxd2 Rh1+ 0-1

[Event "Havana-A"]
[Site "Havana CUB"]
[Date "1985.??.??"]
[Round "?"]
[White "Utasi, Tamas"]
[Black "Herrera Perez, Juventino"]
[Result "1-0"]
[WhiteElo "2480"]
[BlackElo "2350"]
[PlyCount "63"]
[EventDate "1985.??.??"]
[Source "www.chesslib.no"]
[SourceDate "2004.05.04"]

1. d4 b5 2. e4 Bb7 3. Bd3 e6 4. Nf3 a6 5. O-O c5 6. c3 cxd4 7. cxd4 Nc6 8. Nc3 Nb4 9. Bb1 d5 10. a4 bxa4 11. Ne5 Bd6 12. Rxa4 a5 13. Qg4 g6 14. Qf3 Qf6 15. Qd1 Qe7 16. Re1 Nf6 17. Bh6 Nxe4 18. Nxe4 dxe4 19. Bxe4 Bxe4 20. Rxe4 f6 21. Nf3 Kf7 22. h4 Rhd8 23. Ra1 Qb7 24. Qe2 Qa6 25. Qe3 Nc2 26. Qb3 Bh2+ 27. Kxh2 Nxa1 28. Qd1 Qb7 29. Qe2 Nb3 30. Rf4 Qc7 31. Ng5+ Kg8 32. Qxe6+ 1-0

[Event "Verona Open"]
[Site "Verona ITA"]
[Date "1995.??.??"]
[Round "?"]
[White "Zlochevskij, Alexander"]
[Black "Medancic, Rikard"]
[Result "1-0"]
[WhiteElo "2485"]
[BlackElo "2345"]
[PlyCount "57"]
[EventDate "1995.??.??"]
[Source "www.chesslib.no"]
[SourceDate "2004.05.04"]

1. d4 b5 2. e4 Bb7 3. Nd2 a6 4. Ngf3 e6 5. a4 b4 6. c4 d6 7. d5 c5 8. g3 e5 9. Bg2 g6 10. O-O Nf6 11. Ne1 Bg7 12. Nd3 O-O 13. b3 Nbd7 14. Bb2 Qe7 15. Qe2 Rae8 16. Rae1 Qd8 17. Qd1 Bh6 18. f4 exf4 19. gxf4 Nh5 20. e5 Qh4 21. Ne4 dxe5 22. fxe5 Bf4 23. Nxf4 Nxf4 24. Qf3 Nxg2 25. Qxg2 Re7 26. Re3 Ree8 27. Nd6 Rb8 28. Nf5 Qd8 29. e6 1-0

[Event "SLO Ch"]
[Site "Vrhnika"]
[Date "1995.??.??"]
[Round "?"]
[White "Tratar, Marko"]
[Black "Jeric, Simon"]
[Result "1-0"]
[WhiteElo "2420"]
[BlackElo "2405"]
[PlyCount "97"]
[EventDate "1995.??.??"]
[Source "www.chesslib.no"]
[SourceDate "2004.05.04"]

1. d4 b5 2. e4 Bb7 3. Nd2 a6 4. Bd3 e6 5. Ngf3 c5 6. c3 cxd4 7. cxd4 d6 8. O-O Nf6 9. Re1 Be7 10. Nf1 Nbd7 11. Ng3 h5 12. h4 g6 13. Bg5 e5 14. b4 Ng4 15. Bxe7 Qxe7 16. a4 bxa4 17. Rxa4 O-O 18. d5 Qd8 19. Qd2 Qb6 20. Nf1 Ndf6 21. g3 Rfc8 22. Ra3 Kg7 23. Kg2 Rc7 24. Ng1 Rac8 25. f3 Nh6 26. Ne3 Ne8 27. Ne2 Rd7 28. Nc4 Qd8 29. Qe3 Rb8 30. Na5 f5 31. exf5 Nxf5 32. Bxf5 gxf5 33. Nc6 Bxc6 34. dxc6 Rc7 35. Rxa6 Rxb4 36. Qc3 Qb8 37. Nf4 Rb3 38. Nxh5+ Kf8 39. Qc1 f4 40. Ra2 Qb5 41. Nxf4 Rxc6 42. Ng6+ Kf7 43. Ra7+ Ke6 44. Re7+ Kd5 45. R7xe5+ dxe5 46. Rxe5+ Kd6 47. Rxb5 Rxb5 48. Qf4+ Kd7 49. Qf7+ 1-0

[Event "Rostov on Don women"]
[Site "Rostov RUS"]
[Date "1995.??.??"]
[Round "3"]
[White "Galliamova-Ivanchuk, Alisa"]
[Black "Alexandria, Nana G"]
[Result "1/2-1/2"]
[WhiteElo "2475"]
[BlackElo "2350"]
[PlyCount "85"]
[EventDate "1995.??.??"]
[Source "www.chesslib.no"]
[SourceDate "2004.05.04"]

1. d4 b5 2. a4 b4 3. e4 Bb7 4. Bd3 Nf6 5. Qe2 a5 6. Nf3 e6 7. O-O Ba6 8. c3 bxc3 9. bxc3 Bxd3 10. Qxd3 Be7 11. e5 Nd5 12. c4 Nb6 13. Nc3 O-O 14. c5 Nd5 15. Nxd5 exd5 16. Qb3 c6 17. Bd2 Na6 18. Rfb1 Nc7 19. Qd1 Ne6 20. Qe1 f6 21. Bc3 Qc8 22. Ra2 Qa6 23. Qf1 Qc8 24. Qe1 Bd8 25. h4 Bc7 26. g3 Qa6 27. Re2 Qc4 28. Rb7 Qa6 29. Rbb2 f5 30. Ng5 Rab8 31. Rxb8 Rxb8 32. Nxe6 dxe6 33. Rb2 Rxb2 34. Bxb2 Qd3 35. Qf1 Qxf1+ 36. Kxf1 h5 37. Ke2 Kf7 38. Ke3 Bd8 39. f4 Bc7 40. Kd3 Ke7 41. Bc1 Kd7 42. Bd2 Kc8 43. Bc3 1/2-1/2

[Event "otb"]
[Site "otb"]
[Date "2007.02.24"]
[Round "2"]
[White "Baburin Alexander"]
[Black "Wuts Frank"]
[Result "1-0"]
[WhiteElo "2545"]
[BlackElo "2277"]
[PlyCount "31"]
[Source "www.chesslib.no"]
[SourceDate "2004.05.04"]

1. d4 b5 2. e4 Bb7 3. Bxb5 Bxe4 4. Nf3 e6 5. O-O c5 6. Nc3 Bc6 7. Bxc6 dxc6 8. dxc5 Nd7 9. b4 a5 10. b5 Nxc5 11. bxc6 Qb6 12. Rb1 Qxc6 13. Ne5 Qa6 14. Qf3 Nf6 15. Rb6 Qa7 16. Qc6+ 1-0

[Event "Kecskemet"]
[Site "Kecskemet"]
[Date "1994.??.??"]
[Round "?"]
[White "Polak, Tomas"]
[Black "Csom, Istvan"]
[Result "1-0"]
[WhiteElo "2415"]
[BlackElo "2405"]
[PlyCount "91"]
[EventDate "1994.11.??"]
[Source "ChessBase"]

1. d4 b5 2. e4 Bb7 3. Bd3 e6 4. Nf3 c5 5. c3 c4 6. Bc2 Nf6 7. Nbd2 Nc6 8. O-O Be7 9. Re1 d5 10. e5 Nd7 11. Nf1 h5 12. g3 h4 13. g4 Nf8 14. h3 b4 15. N3h2 bxc3 16. bxc3 Qa5 17. Bd2 Bc8 18. f4 f5 19. exf6 gxf6 20. Nf3 Rb8 21. Ne3 Rb2 22. Ng2 Rxa2 23. Ba4 Qxa4 24. Qxa4 Rxa4 25. Rxa4 Ng6 26. Bc1 Kf7 27. Ba3 Bd8 28. g5 fxg5 29. Nxg5+ Kf6 30. Bd6 Ba5 31. Ra3 Bb6 32. Ne3 Rh5 33. Ra2 Nd8 34. Rae2 Kg7 35. Ng4 Ba5 36. Re3 Bb6 37. Kg2 Bd7 38. Kf3 Bc8 39. Ra1 Bd7 40. Bc5 Bxc5 41. dxc5 Nc6 42. Nxe6+ Kf7 43. Ra6 Nge7 44. Ng5+ Kg7 45. Rxe7+ Nxe7 46. Rxa7 1-0

[Event "BCF Ch"]
[Site "Eastbourne"]
[Date "1991.??.??"]
[Round "8"]
[White "Arkell, Keith C"]
[Black "Basman, Michael J"]
[Result "0-1"]
[WhiteElo "2450"]
[BlackElo "2370"]
[PlyCount "184"]
[EventDate "1991.07.??"]
[Source "www.chesslib.no"]
[SourceDate "2004.05.04"]

1. d4 b5 2. e4 Bb7 3. Bd3 e6 4. Nf3 c5 5. c3 a6 6. O-O Nf6 7. Re1 h6 8. a4 cxd4 9. cxd4 b4 10. d5 Bc5 11. Nbd2 O-O 12. Nb3 Ba7 13. Be3 exd5 14. e5 Ne4 15. Bxa7 Rxa7 16. Nfd2 f5 17. a5 Nc6 18. f3 Nxe5 19. Bf1 Nxd2 20. Qxd2 Qf6 21. Qd4 Nc6 22. Qxd5+ Kh7 23. Nc5 Bc8 24. Bd3 Nd4 25. Nb3 Ne6 26. Re5 g6 27. Qd6 Rf7 28. Rae1 Rc7 29. Qxb4 Bb7 30. Qd2 Qh4 31. Rc1 Rxc1+ 32. Qxc1 Nf4 33. Bf1 Qg5 34. Kh1 Bd5 35. Nd4 Bb7 36. Re8 Qh4 37. Qc7 Qf2 38. Qc4 Bd5 39. Qxa6 Qxd4 40. Qb5 Nh3 41. Qb6 Qd1 42. Qb5 d6 43. Qe2 Qxe2 44. Rxe2 Bc4 45. Re1 Nf2+ 46. Kg1 Bxf1 47. Kxf1 Nd3 48. Rb1 Nb4 49. Ra1 Na6 50. Rd1 Rd7 51. Ke2 Kg7 52. Kd3 d5 53. Rc1 Kf7 54. Kd4 Ke6 55. Rc6+ Rd6 56. Rc3 Kd7 57. Rb3 Nc7 58. Rb7 Rc6 59. Ke5 Re6+ 60. Kd4 Re2 61. Rb6 Rxg2 62. a6 Rxh2 63. Rxg6 Rxb2 64. Rxh6 f4 65. Ke5 Ra2 66. Rd6+ Kc8 67. Rc6 Ra4 68. Kd6 Kd8 69. Rb6 Nxa6 70. Kxd5 Ke7 71. Rh6 Kf7 72. Ke5 Nc5 73. Kf5 Ke7 74. Rc6 Nd3 75. Re6+ Kd7 76. Rf6 Ne1 77. Kg4 Ng2 78. Rh6 Ke7 79. Kf5 Ra5+ 80. Kg4 Ra8 81. Kf5 Ra5+ 82. Kg4 Ra8 83. Kf5 Rg8 84. Re6+ Kd7 85. Re4 Rf8+ 86. Kg5 Kd6 87. Ra4 Kd5 88. Re4 Rg8+ 89. Kf5 Rg3 90. Re2 Kd4 91. Ra2 Ke3 92. Ra3+ Kf2 0-1

[Event "Tch (Men) 2005/2006 BEL"]
[Site "?"]
[Date "2006.02.05"]
[Round "8"]
[White "Levin Felix"]
[Black "Wuts Frank"]
[Result "1-0"]
[WhiteElo "2499"]
[BlackElo "2321"]
[PlyCount "44"]
[EventDate "2006.??.??"]
[Source "www.chesslib.no"]
[SourceDate "2004.05.04"]

1. d4 b5 2. e4 Bb7 3. Nd2 Nf6 4. e5 Nd5 5. Ngf3 a6 6. Nb3 e6 7. a4 c6 8. Bd3 h6 9. O-O Qb6 10. Nfd2 d6 11. exd6 Bxd6 12. Ne4 Be7 13. Qg4 Kf8 14. Nec5 Bc8 15. Qf3 Bf6 16. Bf4 Nd7 17. Bd6+ Kg8 18. c3 Nxc5 19. Nxc5 a5 20. Ne4 b4 21. Bc5 Qc7 22. c4 Nb6 1-0

[Event "Brighton"]
[Site "Brighton"]
[Date "1982.??.??"]
[Round "?"]
[White "Hjartarson, Johann"]
[Black "Hodgson, Julian M"]
[Result "1/2-1/2"]
[WhiteElo "2425"]
[BlackElo "2395"]
[PlyCount "77"]
[EventDate "1982.12.??"]
[Source "ChessBase"]

1. d4 b5 2. Bg5 Bb7 3. Nf3 h6 4. Bh4 g5 5. Bg3 e6 6. e3 a6 7. Nbd2 Nf6 8. c3 Rg8 9. Qc2 d6 10. h3 Nbd7 11. a4 h5 12. axb5 axb5 13. Rxa8 Qxa8 14. Bxb5 h4 15. Bh2 g4 16. hxg4 h3 17. Qa4 Qxa4 18. Bxa4 hxg2 19. Rg1 Rxg4 20. Bg3 Nh5 21. Rxg2 f5 22. Rg1 Nxg3 23. Rxg3 Rxg3 24. fxg3 Ke7 25. Nh2 Nf6 26. Bd1 Bh6 27. Ndf1 e5 28. Bf3 Ba6 29. dxe5 dxe5 30. Kf2 Kd6 31. Nd2 Bg5 32. Be2 Bb7 33. Bc4 Ke7 34. Ke2 Bh6 35. Ndf3 Ne4 36. Nxe5 Nxg3+ 37. Kd3 Be4+ 38. Kd2 f4 39. Neg4 1/2-1/2

[Event "Stockholm SWE"]
[Site "?"]
[Date "2005.06.17"]
[Round "7"]
[White "Eriksson Johan"]
[Black "Poley Vladimir"]
[Result "1-0"]
[WhiteElo "2423"]
[BlackElo "2397"]
[PlyCount "65"]
[EventDate "2005.??.??"]
[Source "www.chesslib.no"]
[SourceDate "2004.05.04"]

1. d4 b5 2. e4 a6 3. Nf3 Bb7 4. Bd3 e6 5. O-O c5 6. c3 Nf6 7. Nbd2 cxd4 8. cxd4 Nc6 9. b3 Rc8 10. a3 d6 11. Re1 Be7 12. Nf1 e5 13. Ne3 O-O 14. d5 Nb8 15. Nf5 Re8 16. a4 bxa4 17. Rxa4 Bf8 18. Bd2 Nfd7 19. b4 Nb6 20. Ra3 Nc4 21. Bxc4 Rxc4 22. Ng5 g6 23. Rh3 Bc8 24. Rxh7 Qxg5 25. Bxg5 Kxh7 26. Qd3 Rxe4 27. Qxe4 Bxf5 28. Qh4+ Kg8 29. g4 Bd3 30. Re3 Bc4 31. Bf6 Bg7 32. Rh3 Kf8 33. Qh8+ 1-0

[Event "Corr"]
[Site "?"]
[Date "1999.02.15"]
[Round "?"]
[White "Oortwijn Ron A.( NED)"]
[Black "Lyukmanov Vyacheslav Borisovi"]
[Result "0-1"]
[WhiteElo "2400"]
[BlackElo "2419"]
[PlyCount "62"]
[EventDate "1999.??.??"]
[Source "www.chesslib.no"]
[SourceDate "2004.05.04"]

1. d4 b5 2. e4 a6 3. Nf3 Bb7 4. Bd3 e6 5. O-O c5 6. c3 Nf6 7. Re1 d6 8. Nbd2 Nbd7 9. e5 Nd5 10. c4 Nb4 11. Be4 d5 12. cxd5 Nxd5 13. a4 c4 14. Nf1 Be7 15. Bd2 O-O 16. Qc2 g6 17. b3 Qc7 18. Rec1 Rfc8 19. axb5 axb5 20. bxc4 bxc4 21. Rxa8 Bxa8 22. Ng3 c3 23. Bg5 Ba3 24. Ra1 Bb2 25. Re1 Qc4 26. Bh6 Bc6 27. Qe2 Qxe2 28. Nxe2 Bb5 29. Nc1 Nb4 30. h4 Nb6 31. h5 c2 0-1

[Event "First Saturday GM - Maggio 2008"]
[Site "Budapest UNG"]
[Date "2008.05.11"]
[Round "9"]
[White "Bui, Vinh"]
[Black "Pesotsky, Vitaly"]
[Result "1-0"]
[WhiteElo "2448"]
[BlackElo "2370"]
[PlyCount "53"]
[EventDate "2008.05.03"]
[Source "www.chesslib.no"]
[SourceDate "2004.05.04"]

1. d4 b5 2. e4 c6 3. Bd3 e6 4. Nf3 b4 5. O-O Ba6 6. c4 bxc3 7. Nxc3 Nf6 8. d5 cxd5 9. exd5 Qa5 10. Bxa6 Qxa6 11. Ne5 Bb4 12. Bg5 Bxc3 13. bxc3 Nxd5 14. c4 Nc7 15. Qh5 O-O 16. Be7 Qc8 17. Bxf8 Qxf8 18. Rab1 d6 19. Rb7 Nba6 20. Nc6 Qe8 21. Qf3 e5 22. Nxa7 Qa4 23. Nb5 e4 24. Qf4 Rf8 25. Nxc7 Qc6 26. Nxa6 Qxb7 27. Qxd6 1-0

[Event "ITA Ch"]
[Site "Chianciano ITA"]
[Date "1989.??.??"]
[Round "11"]
[White "Arlandi, Ennio"]
[Black "Godena, Michele"]
[Result "1/2-1/2"]
[WhiteElo "2390"]
[BlackElo "2425"]
[PlyCount "25"]
[EventDate "1989.??.??"]
[Source "www.chesslib.no"]
[SourceDate "2004.05.04"]

1. d4 b5 2. e4 Bb7 3. f3 a6 4. a4 b4 5. c4 e6 6. Be3 d6 7. Nd2 c5 8. d5 g6 9. Nh3 Bg7 10. Qb3 Ne7 11. Nf4 Bc8 12. g3 O-O 13. h4 1/2-1/2

[Event "Ch"]
[Site "Italy"]
[Date "1981.??.??"]
[Round "?"]
[White "Tatai, Stefano"]
[Black "Sibilio, Mario"]
[Result "1/2-1/2"]
[WhiteElo "2495"]
[BlackElo "2320"]
[PlyCount "81"]
[EventDate "1981.??.??"]
[Source "www.chesslib.no"]
[SourceDate "2004.05.04"]

1. d4 b5 2. e4 Bb7 3. Nd2 a6 4. Ngf3 e6 5. Bd3 c5 6. dxc5 Bxc5 7. O-O Nc6 8. a3 Nf6 9. b4 Be7 10. Bb2 O-O 11. Re1 d6 12. Nf1 Nd7 13. c4 bxc4 14. Bxc4 Bf6 15. Bxf6 Nxf6 16. Ng3 Rc8 17. Rc1 h6 18. Qd3 Nb8 19. Ba2 Qe7 20. Bb1 Rfd8 21. Rxc8 Rxc8 22. h3 Qc7 23. e5 dxe5 24. Nxe5 Nbd7 25. Nxd7 Qxd7 26. Qxd7 Nxd7 27. Be4 Bxe4 28. Nxe4 Kf8 29. Rd1 Ke7 30. Nd6 Rc3 31. a4 Nb6 32. b5 axb5 33. a5 Nd5 34. Nxb5 Rb3 35. Nd4 Ra3 36. Rb1 Kf6 37. Nc6 Ne7 38. Nxe7 Kxe7 39. Rb7+ Kf6 40. Ra7 Ra1+ 41. Kh2 1/2-1/2

[Event "BCF Ch"]
[Site "Edinburgh SCO"]
[Date "1985.??.??"]
[Round "11"]
[White "Cummings, David H"]
[Black "Basman, Michael J"]
[Result "1-0"]
[WhiteElo "2415"]
[BlackElo "2400"]
[PlyCount "87"]
[EventDate "1985.08.??"]
[Source "www.chesslib.no"]
[SourceDate "2004.05.04"]

1. d4 b5 2. e4 a6 3. Nf3 e6 4. Bd3 c5 5. c3 Bb7 6. O-O Nf6 7. Re1 h6 8. Nbd2 Be7 9. e5 Nd5 10. dxc5 Bxc5 11. Ne4 Be7 12. a4 bxa4 13. Bc2 Nc6 14. Rxa4 Nb6 15. Ra1 Nc4 16. b3 N4xe5 17. Nxe5 Nxe5 18. Nd6+ Bxd6 19. Qxd6 Nc6 20. Ba3 Rc8 21. Re3 Qc7 22. Qd1 Ne7 23. Rg3 Nd5 24. c4 Qe5 25. Qe1 Qxe1+ 26. Rxe1 Nf4 27. Rxg7 d5 28. Rg4 Nh5 29. Bb2 Ke7 30. Bxh8 Rxh8 31. c5 Rc8 32. b4 Nf6 33. Rh4 h5 34. Bd3 Rc7 35. f3 a5 36. bxa5 Rxc5 37. a6 Bc6 38. Ra1 e5 39. Rb4 e4 40. fxe4 dxe4 41. Rf1 e3 42. Rc4 Rxc4 43. Bxc4 Nd7 44. a7 1-0

[Event "Olomouc"]
[Site "?"]
[Date "2006.08.04"]
[Round "3.5"]
[White "Jirka Jiri"]
[Black "Biolek Richard"]
[Result "0-1"]
[WhiteElo "2372"]
[BlackElo "2440"]
[PlyCount "92"]
[EventDate "2006.??.??"]
[Source "www.chesslib.no"]
[SourceDate "2004.05.04"]

1. d4 b5 2. e4 a6 3. Bd3 Bb7 4. Nf3 e6 5. a4 c5 6. c3 c4 7. Bc2 Nf6 8. e5 Nd5 9. Ng5 d6 10. axb5 dxe5 11. bxa6 Be7 12. Qh5 Bxg5 13. Bxg5 Qc7 14. O-O Rxa6 15. Na3 Nd7 16. dxe5 h6 17. Bd2 Nxe5 18. Nb5 Qb8 19. Rxa6 Bxa6 20. Re1 Bxb5 21. Rxe5 Qd6 22. Re1 Qd7 23. Bc1 O-O 24. Bxh6 gxh6 25. Qxh6 f6 26. Re4 Kf7 27. Rg4 Ke7 28. Rg7+ Rf7 29. Rg8 f5 30. h3 Nf6 31. Rb8 Bc6 32. Qe3 Qd5 33. f3 Rg7 34. Kh1 Nd7 35. Rc8 Bb7 36. Rh8 Qe5 37. Qf2 Bd5 38. Rc8 f4 39. Ba4 Qe3 40. Qh4+ Kd6 41. Rd8 Bc6 42. Bxc6 Kxc6 43. Rc8+ Kb5 44. Qh5+ e5 45. Qh4 Qe2 46. g4 fxg3 0-1

[Event "It Open"]
[Site "Biel SUI"]
[Date "1991.??.??"]
[Round "?"]
[White "Ionescu, Constantin"]
[Black "Alexandria, Nana G"]
[Result "1-0"]
[WhiteElo "2480"]
[BlackElo "2325"]
[PlyCount "31"]
[EventDate "1991.??.??"]
[Source "www.chesslib.no"]
[SourceDate "2004.05.04"]

1. d4 b5 2. e4 Bb7 3. f3 a6 4. c4 bxc4 5. Bxc4 d5 6. Qb3 dxc4 7. Qxb7 Nd7 8. Ne2 e5 9. Nbc3 exd4 10. Nxd4 Rb8 11. Qxa6 Ne5 12. Nc6 Rb6 13. Qxb6 Qh4+ 14. g3 Qh3 15. Qxc7 f6 16. Bf4 1-0

[Event "Verona op"]
[Site "?"]
[Date "1998.??.??"]
[Round "?"]
[White "Ortega Lexy"]
[Black "Rossi Carlo"]
[Result "1-0"]
[WhiteElo "2475"]
[BlackElo "2330"]
[PlyCount "99"]
[EventDate "1998.??.??"]
[Source "www.chesslib.no"]
[SourceDate "2004.05.04"]

1. d4 b5 2. Bf4 Bb7 3. e3 e6 4. Nf3 a6 5. Nbd2 f5 6. a4 b4 7. c4 Nf6 8. Nb3 Be7 9. Na5 Be4 10. Nd2 c5 11. Nab3 cxd4 12. exd4 Bb7 13. Be2 O-O 14. O-O Ne4 15. Nxe4 fxe4 16. Bg3 d6 17. Bg4 Rf6 18. d5 exd5 19. cxd5 Nd7 20. Be6+ Kh8 21. Re1 Rxe6 22. dxe6 Nf8 23. Qg4 Bd5 24. Nd4 Bf6 25. Rad1 Qe7 26. Nf5 Qxe6 27. Ne3 Bb3 28. Rxd6 Qe8 29. Rd2 h5 30. Qf5 h4 31. Bd6 Bxa4 32. Nd5 Nh7 33. Rxe4 Qb5 34. Ne3 Qxf5 35. Nxf5 a5 36. Nxh4 Ng5 37. Re1 Rc8 38. f4 Nh3+ 39. gxh3 Bxh4 40. Ra1 Bc2 41. Rxa5 Bg6 42. Rc5 Ra8 43. f5 Bf7 44. Rd4 Bg5 45. Kf2 Re8 46. Be5 Bd8 47. Rb5 b3 48. Rb8 Bb6 49. Rxb6 Rxe5 50. Rb8+ 1-0

[Event "Copenhagen"]
[Site "Copenhagen"]
[Date "1995.??.??"]
[Round "6"]
[White "Antonsen, Mikkel"]
[Black "Welling, Gerard"]
[Result "1-0"]
[WhiteElo "2400"]
[BlackElo "2400"]
[PlyCount "77"]
[EventDate "1995.??.??"]
[Source "ChessBase"]

1. d4 b5 2. e4 a6 3. Bd3 e6 4. Nf3 Bb7 5. O-O c5 6. c3 Nf6 7. Re1 Qb6 8. Bg5 Be7 9. Nbd2 h6 10. Be3 Ng4 11. Bf4 cxd4 12. Nxd4 Nf6 13. a4 Nc6 14. axb5 Nxd4 15. bxa6 Bxa6 16. Be3 Bb7 17. Bxd4 Qc7 18. Rxa8+ Bxa8 19. e5 Nd5 20. Qg4 g5 21. Be4 h5 22. Qd1 Bc6 23. b4 g4 24. b5 Bxb5 25. c4 Bxc4 26. Qa4 Bb4 27. Rc1 Bxd2 28. Rxc4 Qb7 29. Qc2 Bg5 30. Bxd5 Qxd5 31. Rc8+ Bd8 32. Bb6 Qxe5 33. Qd1 Ke7 34. Bd4 Qf4 35. Bxh8 Bb6 36. Qc2 h4 37. Bg7 f6 38. Bf8+ Kf7 39. Qh7# 1-0

[Event "Porto San Giorgio op 8th"]
[Site "?"]
[Date "1996.??.??"]
[Round "?"]
[White "Arlandi Ennio"]
[Black "Vujovic Milorad"]
[Result "1-0"]
[WhiteElo "2455"]
[BlackElo "2345"]
[PlyCount "53"]
[EventDate "1996.??.??"]
[Source "www.chesslib.no"]
[SourceDate "2004.05.04"]

1. d4 b5 2. e4 Bb7 3. Bd3 e6 4. Nf3 a6 5. O-O Nf6 6. Re1 d6 7. a4 b4 8. Nbd2 Be7 9. a5 d5 10. exd5 exd5 11. Qe2 Nc6 12. Nb3 O-O 13. Bg5 Ne4 14. Bxe7 Qxe7 15. Nfd2 f5 16. f3 Qf6 17. fxe4 fxe4 18. Nxe4 dxe4 19. Qxe4 g6 20. Nc5 Bc8 21. Qd5+ Kg7 22. Be4 Nxd4 23. Qxa8 Qf2+ 24. Kh1 Bg4 25. Qd5 Kh6 26. Nd3 Qf6 27. Ne5 1-0

[Event "ALBACETE Ch"]
[Site "?"]
[Date "1992.??.??"]
[Round "8"]
[White "Izeta Txabarri Felix"]
[Black "Paglilla Carlos"]
[Result "1/2-1/2"]
[WhiteElo "2445"]
[BlackElo "2355"]
[PlyCount "79"]
[EventDate "1992.??.??"]
[Source "www.chesslib.no"]
[SourceDate "2004.05.04"]

1. d4 b5 2. e4 a6 3. Nf3 Bb7 4. Bd3 e6 5. O-O c5 6. c3 Nf6 7. e5 Nd5 8. Bg5 Be7 9. Bxe7 Qxe7 10. dxc5 Qxc5 11. Nbd2 f5 12. exf6 Nxf6 13. Re1 O-O 14. Ne4 Bxe4 15. Bxe4 Ra7 16. Qd4 Qxd4 17. Nxd4 e5 18. Nf3 d5 19. Bc2 e4 20. Nd4 Rc8 21. f3 exf3 22. Nxf3 Nc6 23. Rad1 Re7 24. Rxe7 Nxe7 25. Nd4 Rc7 26. a4 bxa4 27. Bxa4 Rb7 28. Rd2 Kf7 29. Kf1 Rb6 30. Re2 Ne4 31. Ke1 Nc5 32. b3 Nxa4 33. bxa4 g6 34. a5 Rb1+ 35. Kf2 Nf5 36. Nxf5 gxf5 37. Re5 Rb5 38. Rxf5+ Kg6 39. g4 Rxa5 40. Ke3 1/2-1/2

[Event "EuTCh"]
[Site "Plovdiv"]
[Date "2003.10.19"]
[Round "8"]
[White "Levitt, Jonathan"]
[Black "Zapolskis, Antanas"]
[Result "1-0"]
[WhiteElo "2423"]
[BlackElo "2375"]
[PlyCount "75"]
[EventDate "2003.10.10"]
[Source "Roberto Alvarez"]
[SourceDate "2003.10.20"]

1. d4 b5 2. e4 Bb7 3. Bd3 e6 4. Nf3 c5 5. c3 a6 6. O-O d6 7. Qe2 Ne7 8. a4 b4 9. Be3 Ng6 10. Nbd2 Nd7 11. cxb4 cxb4 12. a5 Be7 13. Ne1 e5 14. Nc2 d5 15. exd5 O-O 16. Rfd1 Nf4 17. Bxf4 exf4 18. Nc4 Re8 19. Qe4 Nf6 20. Qxf4 Nxd5 21. Qf3 b3 22. N2e3 Nxe3 23. Qh3 g6 24. fxe3 Rc8 25. Rf1 Bf6 26. Rf2 Rc6 27. Raf1 Rce6 28. Ne5 Bd5 29. Nxf7 Qe7 30. Nh6+ Kg7 31. Ng4 Bg5 32. Rf7+ Qxf7 33. Rxf7+ Kxf7 34. Qxh7+ Kf8 35. Bxg6 Rxe3 36. Bxe8 Re2 37. Qf5+ Kxe8 38. Qxd5 1-0